000 00253nam a22001097a 4500
008 160523b xxu||||| |||| 00| 0 eng d
020 _a092399310X
041 _aeng
080 _a070
245 _aPublic journalism:
_cLewis A. Friedland;
942 _2udc
_cBK
999 _c2382
_d2382